Διηγήματα
Saved in:
| Main Author: | |
|---|---|
| Corporate Author: | |
| Format: | Book |
| Language: | Greek |
| Published: |
Λευκωσία :
Μορφωτική Υπηρεσία Υπουργείου Παιδείας,
1986.
|
| Series: | Ελληνική λογοτεχνία Κύπρου ;
1 |
| Subjects: | |
| Tags: |
Add Tag
No Tags, Be the first to tag this record!
|
MARC
| LEADER | 00000cam a2200000 a 4500 | ||
|---|---|---|---|
| 001 | 1/118416 | ||
| 008 | 190415s1986####cy | ||| |||| ||gre|| | ||
| 020 | |a 9963000053 | ||
| 040 | |a GR-MyUa |b gre |c GR-MyUa |e AACR2 | ||
| 041 | 0 | |a gre | |
| 082 | 7 | |a 889.3 |2 (23) | |
| 100 | 1 | |a Ακρίτας, Λουκής, |d 1909-1965. | |
| 245 | 1 | 0 | |a Διηγήματα / |c Λουκή Ακρίτα. |
| 260 | |a Λευκωσία : |b Μορφωτική Υπηρεσία Υπουργείου Παιδείας, |c 1986. | ||
| 300 | |a 83 σ. ; |c 22 εκ. | ||
| 490 | 1 | |a (Ελληνική Λογοτεχνία Κύπρου ; |v 1) | |
| 650 | 0 | |a Greek literature, Modern |z Cyprus. | |
| 710 | 2 | |a Υπουργείο Παιδείας |b Μορφωτική Υπηρεσία. | |
| 830 | 0 | |a Ελληνική λογοτεχνία Κύπρου ; |v 1 | |
| 852 | |a INST |b RHODES |e 20190415 |h 889.3 ΑΚΡ |p 005400040614 |q 005400040614 |t BK |y 0 | ||
| 970 | |a Μαρία |b Κωτάκου |z 15-04-2019 | ||